000 00307nam a22001337a 4500
008 170728b xxu||||| |||| 00| 0 eng d
020 _a9781584883081
041 _aeng
080 _a004
100 _a32
101 _aSHKI
245 _aCOMPUTER-AIDED MULTIVARIATE ANALYSIS
_cCLARK, V.A
942 _2udc
_cBK
999 _c22149
_d22149